000 00444 a2200157 4500
005 20250501090711.0
020 _a9780077140878
082 _a658.049 GER
100 _aGERINGER, B.
245 _aInternational Business: The Challenge of Global Competition.
250 _a13th Ed.
260 _aNew York,
_bMcgraw- Hill Irwin,
_c2012.
300 _axxxi, 536p.:Ill.;figures & table
_bIndex
_c27cm.
700 _aMINOR, M.
942 _2ddc
_cBKS
999 _c1874
_d1874